000 05287nam a22005537a 4500
005 20091217101323.0
008 090121t xxu||||| |||| 00| 1 eng d
010 _aB-388943-968
020 _a9780143331094
_c99.00
035 _aB-388943-968
037 _bBlueberry Books
040 _adpl
_bEnglish
082 _aS
100 _aSen Gupta, Subhadra
245 _aA bagful of mystery /
_cby Subhadra Sen Gupta; art by Tapas Guha
260 _aNew Delhi
_bPuffin Books
_c2009
270 _a11 Community Centre, Panchsheel Park
_bNew Delh
_e110017
300 _a40p.:
_bcol. ill.
_c28cm(pbk)
490 _aSatyajit Ray's Feluda mysteries
700 _aGuhu, Tapas
942 _2ddc
_cCH
_hS
_mSEN
999 _c33043
_d33043